Normal view
MARC view
- Weber, Hans J Arfken, George B
Entry Personal Name
001 - CONTROL NUMBER
- control field: 57891
003 - CONTROL NUMBER IDENTIFIER
- control field: NUST
005 - DATE AND TIME OF LATEST TRANSACTION
- control field: 20210628202020.0
008 - FIXED-LENGTH DATA ELEMENTS
- fixed length control field: 210628|| aca||aabn | a|a d
040 ## - CATALOGING SOURCE
- Original cataloging agency: NUST
- Transcribing agency: NUST
100 ## - HEADING--PERSONAL NAME
- Personal name: Weber, Hans J Arfken, George B
670 ## - SOURCE DATA FOUND
- Source citation: Work cat.: (NUST): Weber, Hans J Arfken, George B, Mathematical methods for physicists, 2001
